000 00355nam a2200133Ia 4500
008 151001s9999||||xx |||||||||||||| ||und||
100 _a कुश्नचंदर
245 _aफिर वही चाह
250 _a1
260 _bयुग चेतना साहित्य
260 _c2002
300 _a79
365 _b21
999 _c979458
_d979455